N:llä alkavat Suomen kunnat - Statistics

Yleistilastot
  • Tätä visaa on pelattu 3 621 kertaa
  • Keskiarvotulos 6 / 8
Vastaustilastot
Maakunta Kunta % Oikein
Varsinais-Suomi Naantali
85%
Pirkanmaa Nokia
81%
Uusimaa Nurmijärvi
80%
Satakunta Nakkila
78%
Pohjois-Karjala Nurmes
74%
Pohjanmaa Närpiö
73%
Pohjois-Pohjanmaa Nivala
69%
Varsinais-Suomi Nousiainen
61%
Ehtoja vastaavia visoja ei löytynyt
Tulosjakauma
Jokaisen tuloksen saaneiden osuus
Persentiili vastausten määrän mukaan
Tuloshistoriasi
Et ole pelannut tätä visaa